LEADER 01227nam0-2200397li-450 001 990000270830203316 005 20180312154917.0 010 $a0-89871-309-9 035 $a0027083 035 $aUSA010027083 035 $a(ALEPH)000027083USA01 035 $a0027083 100 $a2001995031993-------y0itay0103----ba 101 0 $aeng 102 $aUS 200 1 $aWavelets$ealgorithms & applications$fYves Meyer$gtranslated and revised by Robert D. Ryan 210 $aPHiladelphia$cSociety for Industrial and Applied Mathematics$d1993 215 $aVII, 133 p.$cill.$d25 cm 610 1 $aAlgoritmi 610 1 $aAnalisi di fourier 610 1 $aElaborazione dell'immagine 676 $a515.243 3 700 1$aMEYER,$bYves$041129 702 1$aRYAN,$bRobert D. 801 $aSistema bibliotecario di Ateneo dell' Università di Salerno$gRICA 912 $a990000270830203316 951 $a515. 243 3 MEY$b17042/CBS$c515.243 3$d00220531 959 $aBK 969 $aSCI 979 $c19950313 979 $c20001110$lUSA01$h1716 979 $c20020403$lUSA01$h1635 979 $aPATRY$b90$c20040406$lUSA01$h1619 979 $aRSIAV7$b90$c20090520$lUSA01$h0955 996 $aWavelets$9376231 997 $aUNISA